[Event "Lloyds Bank Masters 17th"]
[Site "London"]
[Date "1993.08.25"]
[Round "5"]
[White "McDonald, Neil R"]
[Black "Stirling, William J"]
[Result "1-0"]
[WhiteElo "2395"]
[BlackElo "2245"]
[PlyCount "91"]
[EventDate "1993.08.21"]
[EventType "swiss"]
[EventRounds "10"]
[EventCountry "ENG"]

1. e4 c6 2. d4 d5 3. Nd2 dxe4 4. Nxe4 Bf5 5. Ng3 Bg6 6. h4 h6 7. f4 e6 8. Nf3
Nd7 9. h5 Bh7 10. Bd3 Bxd3 11. Qxd3 Qc7 12. Bd2 O-O-O 13. Qe2 Ngf6 14. O-O-O
Bd6 15. Ne5 Nb6 16. Kb1 Rhe8 17. c4 c5 18. Be3 Re7 19. dxc5 Bxc5 20. Rxd8+ Kxd8
21. Rd1+ Kc8 22. Bxc5 Qxc5 23. Ne4 Nxe4 24. Qxe4 f6 25. Ng6 Re8 26. g4 Kb8 27.
b3 a6 28. Nh4 a5 29. Nf3 a4 30. Qd4 Qc6 31. Qd6+ Qxd6 32. Rxd6 Kc7 33. Rd2 axb3
34. axb3 e5 35. fxe5 fxe5 36. Nh4 Re6 37. Rf2 e4 38. Kc2 Nd7 39. Rf7 Kc6 40.
Nf5 Re5 41. Kd2 Nf6 42. Rxg7 Nxg4 43. Nd4+ Kc5 44. Kc3 Nf2 45. b4+ Kb6 46. c5+
1-0

[Event "Lloyds Bank Masters 17th"]
[Site "London"]
[Date "1993.08.25"]
[Round "5"]
[White "Rayner, Francis"]
[Black "Ansell, Simon"]
[Result "1-0"]
[WhiteElo "2295"]
[BlackElo "2290"]
[PlyCount "91"]
[EventDate "1993.08.21"]
[EventType "swiss"]
[EventRounds "10"]
[EventCountry "ENG"]

1. e4 c5 2. Nf3 Nc6 3. d4 cxd4 4. Nxd4 e5 5. Nb5 d6 6. c4 Be6 7. N1c3 a6 8. Na3
Be7 9. Be2 Bg5 10. O-O Bxc1 11. Rxc1 Nf6 12. Nc2 O-O 13. Qd2 Qb8 14. Qe3 Qa7
15. Qxa7 Nxa7 16. Rfd1 Rfd8 17. f3 Rac8 18. b3 Kf8 19. Nb4 Nc6 20. Nxc6 Rxc6
21. Nd5 Ne8 22. Kf2 g6 23. Ke3 f6 24. Rd2 Kf7 25. Rcd1 Rb8 26. Nb4 Rcc8 27. g3
Ke7 28. Bf1 Rd8 29. Rc1 Rbc8 30. Rdc2 f5 31. c5 dxc5 32. Rxc5 Rxc5 33. Rxc5
fxe4 34. fxe4 Nf6 35. Be2 Rd4 36. Rc7+ Kd6 37. Rxb7 Rxe4+ 38. Kd2 Rd4+ 39. Ke1
e4 40. Rb6+ Kd7 41. Nxa6 Ke7 42. Nc5 Bh3 43. Kf2 Rd2 44. Rxf6 Bg4 45. Rf4 Rxe2+
46. Kf1 1-0

[Event "Lloyds Bank Masters 17th"]
[Site "London"]
[Date "1993.08.25"]
[Round "5"]
[White "Budnikov, Alexandar"]
[Black "Jonsson, Hans"]
[Result "1/2-1/2"]
[WhiteElo "2535"]
[BlackElo "2345"]
[PlyCount "88"]
[EventDate "1993.08.21"]
[EventType "swiss"]
[EventRounds "10"]
[EventCountry "ENG"]

1. c4 Nf6 2. d4 g6 3. Nc3 Bg7 4. e4 d6 5. Be2 O-O 6. Bg5 Na6 7. f3 c5 8. d5 e6
9. Qd2 exd5 10. cxd5 Nc7 11. a4 Bd7 12. Bd3 a6 13. Nge2 b5 14. O-O Qe7 15. Rfe1
Rfb8 16. Ng3 bxa4 17. e5 dxe5 18. f4 Qf8 19. fxe5 Ng4 20. Bf4 c4 21. Nge4 cxd3
22. e6 fxe6 23. Bxc7 exd5 24. Bd6 Bd4+ 25. Kh1 dxe4 26. Bxf8 e3 27. Rxe3 Bxe3
28. Qe1 Rxf8 29. h3 Nf2+ 30. Kh2 Rae8 31. Qb1 d2 32. Qa2+ Kh8 33. Qd5 Bf4+ 34.
g3 Re1 35. gxf4 Rxa1 36. Qxd2 Rh1+ 37. Kg2 Bc6+ 38. Nd5 Ne4 39. Qb4 Re8 40.
Qd4+ Kg8 41. Kxh1 Nf6 42. Qxf6 Bxd5+ 43. Kg1 Rf8 44. Qxa6 Bb3 1/2-1/2

[Event "Lloyds Bank Masters 17th"]
[Site "London"]
[Date "1993.08.25"]
[Round "5"]
[White "Tkachiev, Vladislav"]
[Black "Cobb, James"]
[Result "1-0"]
[WhiteElo "2455"]
[BlackElo "2280"]
[PlyCount "87"]
[EventDate "1993.08.21"]
[EventType "swiss"]
[EventRounds "10"]
[EventCountry "ENG"]

1. e4 e5 2. Nf3 Nc6 3. Bb5 a6 4. Ba4 d6 5. Bxc6+ bxc6 6. d4 exd4 7. Qxd4 Nf6 8.
O-O Be6 9. Nc3 Qd7 10. Bg5 Be7 11. Rad1 h6 12. Bxf6 c5 13. Qd3 Bxf6 14. e5 Be7
15. exd6 cxd6 16. Nd5 Bd8 17. Nf4 O-O 18. Nxe6 Qxe6 19. b3 Bc7 20. Rfe1 Qd7 21.
Ne5 Qb5 22. Nc4 Rad8 23. Qd5 Rfe8 24. g3 Rxe1+ 25. Rxe1 Re8 26. Rxe8+ Qxe8 27.
Qb7 Qe7 28. h4 a5 29. Nxa5 Qd7 30. Nc4 d5 31. Ne3 d4 32. Nc4 d3 33. cxd3 Qxd3
34. Kg2 Bd8 35. Qxf7+ Kxf7 36. Ne5+ Ke6 37. Nxd3 Kd5 38. Nf4+ Ke4 39. Ne6 Be7
40. Nxg7 Kd3 41. Kf3 Kc3 42. Ke4 Kb2 43. Kd5 Kxa2 44. Kc4 1-0

[Event "Lloyds Bank Masters 17th"]
[Site "London"]
[Date "1993.08.25"]
[Round "5"]
[White "Arkell, Keith C"]
[Black "Gallagher, Joseph G"]
[Result "1/2-1/2"]
[WhiteElo "2475"]
[BlackElo "2515"]
[PlyCount "86"]
[EventDate "1993.08.21"]
[EventType "swiss"]
[EventRounds "10"]
[EventCountry "ENG"]

1. d4 Nf6 2. Nf3 g6 3. c4 Bg7 4. g3 O-O 5. Bg2 d6 6. O-O Nbd7 7. Qc2 e5 8. Nc3
Re8 9. Rd1 c6 10. b3 Qe7 11. e3 exd4 12. Nxd4 Nc5 13. Bb2 a5 14. a3 h5 15. b4
Nce4 16. Nxe4 Nxe4 17. b5 Bd7 18. Nf3 Bxb2 19. Qxb2 a4 20. Rab1 cxb5 21. cxb5
Rac8 22. Rbc1 Rc5 23. b6 Rec8 24. Rxc5 Rxc5 25. Nd2 Nc3 26. Re1 Bc6 27. Bxc6
Rxc6 28. Qb4 Qe6 29. Nb1 Ne4 30. Qxa4 Qf5 31. Rf1 Rxb6 32. Qd4 Rc6 33. Nd2 Nxd2
34. Qxd2 h4 35. Qd4 h3 36. Qh4 Rc2 37. g4 Qe6 38. Qxh3 Rc4 39. Kh1 Rxg4 40. Qf3
d5 41. Rd1 Re4 42. h3 Re5 43. Rd4 Re4 1/2-1/2

[Event "Lloyds Bank Masters 17th"]
[Site "London"]
[Date "1993.08.25"]
[Round "5"]
[White "Marusenko, Petr"]
[Black "Sakhatova, Elvira->Berend"]
[Result "1-0"]
[WhiteElo "2370"]
[BlackElo "2235"]
[PlyCount "85"]
[EventDate "1993.08.21"]
[EventType "swiss"]
[EventRounds "10"]
[EventCountry "ENG"]

1. e4 c5 2. Nf3 g6 3. d4 Bg7 4. d5 Nf6 5. Nc3 O-O 6. Be2 d6 7. O-O Na6 8. h3
Nc7 9. a4 b6 10. Bf4 Bb7 11. Re1 a6 12. Bc4 Nh5 13. Bh2 b5 14. axb5 axb5 15.
Nxb5 Nxb5 16. Bxb5 Bxb2 17. Rxa8 Bxa8 18. g4 Qa5 19. c4 Nf6 20. Qb1 Bc3 21. Re2
Bb4 22. Ra2 Qb6 23. Qd3 Bb7 24. e5 Ne8 25. Re2 Nc7 26. Bd7 Rd8 27. exd6 Rxd7
28. dxc7 Qa6 29. Ne5 Rxc7 30. Nxf7 Rd7 31. Ne5 Rd8 32. Bf4 e6 33. Nxg6 Qa1+ 34.
Kh2 Qf6 35. Qg3 Qxg6 36. Rxe6 Qf7 37. Re5 Rd6 38. Qe3 Rf6 39. Bg5 Kf8 40. Bh4
Rf4 41. Kg3 Rxc4 42. Qh6+ Kg8 43. Qg5+ 1-0

[Event "Lloyds Bank Masters 17th"]
[Site "London"]
[Date "1993.08.25"]
[Round "5"]
[White "Duchovny, Eduard"]
[Black "Barua, Dibyendu"]
[Result "0-1"]
[WhiteElo "2232"]
[BlackElo "2510"]
[PlyCount "84"]
[EventDate "1993.08.21"]
[EventType "swiss"]
[EventRounds "10"]
[EventCountry "ENG"]

1. c4 e5 2. Nc3 Nc6 3. g3 g6 4. Bg2 Bg7 5. e3 d6 6. Nge2 h5 7. h4 Nh6 8. d3 Ng4
9. Nd5 Ne7 10. Bd2 c6 11. Nxe7 Qxe7 12. e4 Be6 13. Nc3 O-O 14. f3 Nf6 15. Qe2
d5 16. Bh3 Bxh3 17. Rxh3 dxc4 18. dxc4 Rfd8 19. Bg5 Rd4 20. b3 Rad8 21. Kf2 Qb4
22. Rc1 R8d7 23. Rhh1 Rd3 24. Nd5 cxd5 25. Qxd3 dxe4 26. Qc3 Qc5+ 27. Be3 Qc6
28. Bg5 Rd3 29. Qa5 Rxf3+ 30. Ke2 Qd7 31. Rhd1 Qh3 32. Rd8+ Kh7 33. Kd1 e3 34.
Kc2 Ne4 35. Kb2 Nxg5 36. hxg5 e4+ 37. Ka3 Qh2 38. Qb5 Qb2+ 39. Ka4 e2 40. a3 a6
41. Qe8 Qxb3+ 42. Ka5 e1=Q+ 0-1

[Event "Lloyds Bank Masters 17th"]
[Site "London"]
[Date "1993.08.25"]
[Round "5"]
[White "Ledger, Andrew"]
[Black "Lyell, Mark"]
[Result "0-1"]
[WhiteElo "2375"]
[BlackElo "2235"]
[PlyCount "82"]
[EventDate "1993.08.21"]
[EventType "swiss"]
[EventRounds "10"]
[EventCountry "ENG"]

1. c4 e5 2. Nc3 Nc6 3. g3 g6 4. Bg2 Bg7 5. d3 d6 6. Nf3 Nge7 7. O-O O-O 8. Rb1
Bd7 9. b4 Qc8 10. b5 Nd8 11. Nd5 Nxd5 12. cxd5 b6 13. d4 e4 14. Ne1 f5 15. f3
exf3 16. Rxf3 a6 17. a4 Nf7 18. Rfb3 Re8 19. Qd3 axb5 20. axb5 Qd8 21. Nf3 Ra2
22. R3b2 Rxb2 23. Rxb2 Qa8 24. Qc4 Qa1 25. Qc2 Ra8 26. e3 Bh6 27. Bf1 Ng5 28.
Nxg5 Bxg5 29. Kf2 Bd8 30. Be2 Qa4 31. Qxa4 Rxa4 32. Bd2 Kf7 33. Bc3 Ke8 34. h4
Bf6 35. Rb1 Ra3 36. Bb4 Ra2 37. Kf3 h6 38. Bc4 Rh2 39. Be2 g5 40. hxg5 hxg5 41.
e4 g4+ 0-1

[Event "Lloyds Bank Masters 17th"]
[Site "London"]
[Date "1993.08.25"]
[Round "5"]
[White "Koshy, Varugeese"]
[Black "McEwan, Kenneth B"]
[Result "0-1"]
[WhiteElo "2415"]
[BlackElo "2120"]
[PlyCount "79"]
[EventDate "1993.08.21"]
[EventType "swiss"]
[EventRounds "10"]
[EventCountry "ENG"]

1. c4 e5 2. g3 g6 3. d4 Nc6 4. dxe5 Nxe5 5. f4 Nc6 6. Bg2 Bg7 7. e4 d6 8. Nc3
Nf6 9. Nge2 O-O 10. O-O Be6 11. Nd5 Qd7 12. f5 Bxd5 13. exd5 Ne5 14. Qc2 Qe7
15. Bg5 Neg4 16. Qd2 h6 17. Bxf6 Bxf6 18. fxg6 fxg6 19. Rf3 Bg5 20. Nf4 Ne5 21.
Rc3 Rae8 22. Bh3 Bxf4 23. gxf4 Nd7 24. Be6+ Kg7 25. Rg3 Rf6 26. Kh1 Nc5 27. Re1
Nxe6 28. f5 Rxf5 29. Rxe6 Qf7 30. Rexg6+ Qxg6 31. Qd4+ Ree5 32. Rxg6+ Kxg6 33.
h4 b6 34. Kg2 a5 35. Kg3 Kf7 36. b3 Kg6 37. a3 Kf7 38. Qd2 Rf6 39. Qd3 Rg6+ 40.
Kh3 0-1

[Event "Lloyds Bank Masters 17th"]
[Site "London"]
[Date "1993.08.25"]
[Round "5"]
[White "Krasenkow, Michal"]
[Black "Van der Sterren, Paul"]
[Result "0-1"]
[WhiteElo "2595"]
[BlackElo "2530"]
[PlyCount "80"]
[EventDate "1993.08.21"]
[EventType "swiss"]
[EventRounds "10"]
[EventCountry "ENG"]

1. c4 e6 2. Nc3 d5 3. d4 Nf6 4. cxd5 Nxd5 5. Nf3 c5 6. e4 Nxc3 7. bxc3 cxd4 8.
cxd4 Bb4+ 9. Bd2 Bxd2+ 10. Qxd2 O-O 11. Bc4 Nc6 12. O-O b6 13. Rac1 Bb7 14.
Rfd1 Ne7 15. Qf4 Ng6 16. Qg4 Qf6 17. g3 h6 18. h4 e5 19. d5 Rfd8 20. Bb5 Rac8
21. Bd7 Rxc1 22. Rxc1 Qd6 23. Bf5 Ne7 24. h5 b5 25. Nh4 a5 26. Qe2 Ba6 27. Qc2
b4 28. Qc5 a4 29. Qa5 b3 30. Qxa4 b2 31. Rb1 Qc5 32. Qd1 Qc3 33. d6 Nc6 34. d7
Nd4 35. Kg2 Be2 36. Qa4 Bd3 37. Rxb2 Qxb2 38. Qa5 Qb8 39. Qd5 Qc7 40. Bg4 Bc4
0-1

[Event "Lloyds Bank Masters 17th"]
[Site "London"]
[Date "1993.08.25"]
[Round "5"]
[White "Merriman, John"]
[Black "McNab, Colin Anderson"]
[Result "0-1"]
[WhiteElo "2235"]
[BlackElo "2490"]
[PlyCount "80"]
[EventDate "1993.08.21"]
[EventType "swiss"]
[EventRounds "10"]
[EventCountry "ENG"]

1. d4 d6 2. c4 e5 3. d5 f5 4. Nc3 Nf6 5. g3 g6 6. Bg2 Bg7 7. Nf3 O-O 8. O-O Qe7
9. Rb1 e4 10. Nd4 Ng4 11. h3 Ne5 12. b3 a5 13. f3 Nd3 14. Ne6 Bxe6 15. exd3 Bd7
16. Qe1 Qe5 17. Bb2 exd3 18. Ne4 Qe7 19. Nf2 Qxe1 20. Rfxe1 d2 21. Re7 Rf7 22.
Rxf7 Kxf7 23. Bxg7 Kxg7 24. a3 Na6 25. Nd3 b5 26. cxb5 Bxb5 27. Bf1 Bxd3 28.
Bxd3 Nc5 29. Bc2 Re8 30. Kf2 Re5 31. b4 axb4 32. axb4 Rxd5 33. Ke2 Ne6 34. Bd3
Nd4+ 35. Kxd2 Nxf3+ 36. Ke3 Ne5 37. Be2 Nd7 38. Ra1 Re5+ 39. Kd3 Nb6 40. Ra7
Re7 0-1

[Event "Lloyds Bank Masters 17th"]
[Site "London"]
[Date "1993.08.25"]
[Round "5"]
[White "Hunt, Harriet"]
[Black "Sandstrom, Ludvig"]
[Result "1/2-1/2"]
[WhiteElo "2135"]
[BlackElo "2300"]
[PlyCount "71"]
[EventDate "1993.08.21"]
[EventType "swiss"]
[EventRounds "10"]
[EventCountry "ENG"]

1. e4 c5 2. Nf3 Nc6 3. d4 cxd4 4. Nxd4 Nf6 5. Nc3 e5 6. Ndb5 d6 7. Bg5 a6 8.
Na3 b5 9. Nd5 Be7 10. Bxf6 Bxf6 11. c3 Ne7 12. Nxe7 Bxe7 13. Be2 Bb7 14. Bf3
O-O 15. Nc2 d5 16. exd5 Bc5 17. O-O f5 18. a4 e4 19. Be2 f4 20. Bg4 Bxd5 21.
Nd4 Qf6 22. Nb3 Qc6 23. Na5 Qd6 24. axb5 axb5 25. b4 Ba7 26. c4 bxc4 27. Nxc4
Qd8 28. Ne5 e3 29. Ra5 exf2+ 30. Kh1 Bd4 31. Qxd4 Bxg2+ 32. Kxg2 Qxd4 33. Be6+
Kh8 34. Nf7+ Kg8 35. Nh6+ Kh8 36. Nf7+ 1/2-1/2

[Event "Lloyds Bank Masters 17th"]
[Site "London"]
[Date "1993.08.25"]
[Round "5"]
[White "Murugan, Krishnamoorthy"]
[Black "Rogers, Ian"]
[Result "1/2-1/2"]
[WhiteElo "2430"]
[BlackElo "2595"]
[PlyCount "71"]
[EventDate "1993.08.21"]
[EventType "swiss"]
[EventRounds "10"]
[EventCountry "ENG"]

1. d4 Nf6 2. c4 c5 3. d5 b5 4. cxb5 a6 5. bxa6 Bxa6 6. Nc3 g6 7. e4 Bxf1 8.
Kxf1 d6 9. g4 Bg7 10. Kg2 Na6 11. g5 Nd7 12. Nge2 Qa5 13. h4 Nc7 14. h5 Rg8 15.
hxg6 hxg6 16. Rh3 Nb5 17. Nxb5 Qxb5 18. Nc3 Qb4 19. a3 Qb7 20. Qe2 Rh8 21.
Rxh8+ Bxh8 22. a4 Qb4 23. Qc2 Ne5 24. Nb5 Kd7 25. Ra2 Bg7 26. Bd2 Qc4 27. Qxc4
Nxc4 28. b3 Nxd2 29. Rxd2 Be5 30. Rd3 c4 31. bxc4 Rxa4 32. Kf3 Rxc4 33. Ke3 Bb2
34. f4 Rb4 35. Nd4 Bxd4+ 36. Rxd4 1/2-1/2

[Event "Lloyds Bank Masters 17th"]
[Site "London"]
[Date "1993.08.25"]
[Round "5"]
[White "Connell, Blair"]
[Black "Basman, Michael John"]
[Result "1/2-1/2"]
[WhiteElo "2230"]
[BlackElo "2350"]
[PlyCount "69"]
[EventDate "1993.08.21"]
[EventType "swiss"]
[EventRounds "10"]
[EventCountry "ENG"]

1. e4 h6 2. d4 a6 3. c3 e6 4. Bd3 Nf6 5. e5 Nd5 6. c4 Nb4 7. Be2 d5 8. c5 b6 9.
a3 N4c6 10. b4 bxc5 11. bxc5 Bd7 12. Nc3 Na5 13. f4 Nbc6 14. Be3 Nc4 15. Bf2
N6a5 16. Ra2 Be7 17. Nf3 Rb8 18. Nd2 O-O 19. O-O Bc6 20. Bxc4 dxc4 21. Qe2 Bd5
22. Nxd5 exd5 23. f5 f6 24. e6 Qe8 25. Bg3 Rb7 26. Bf4 c3 27. Nb1 Qa4 28. Qd3
Nc6 29. Nxc3 Qxd4+ 30. Qxd4 Nxd4 31. Nxd5 Bxc5 32. Be3 c6 33. Rd1 Rd8 34. e7
Re8 35. Bxd4 1/2-1/2

[Event "Lloyds Bank Masters 17th"]
[Site "London"]
[Date "1993.08.25"]
[Round "5"]
[White "King, Daniel J"]
[Black "Hodgson, John H"]
[Result "1/2-1/2"]
[WhiteElo "2455"]
[BlackElo "2240"]
[PlyCount "70"]
[EventDate "1993.08.21"]
[EventType "swiss"]
[EventRounds "10"]
[EventCountry "ENG"]

1. c4 Nf6 2. Nc3 d5 3. cxd5 Nxd5 4. g3 c5 5. Bg2 Nc7 6. Nf3 Nc6 7. a3 f6 8. b4
cxb4 9. axb4 Nxb4 10. Qa4+ Nc6 11. Nd4 Bd7 12. Nxc6 bxc6 13. Ba3 e6 14. Bxf8
Rxf8 15. Bxc6 Bxc6 16. Qxc6+ Qd7 17. Qc5 a6 18. Qh5+ g6 19. Qh6 Rd8 20. O-O
Qxd2 21. Qxh7 Rf7 22. Qh8+ Ke7 23. Ne4 Qxe2 24. Qh4 Qh5 25. Qf4 e5 26. Qc1 Kf8
27. Nxf6 Qf5 28. Qh6+ Ke7 29. Nh7 Rh8 30. Qh4+ g5 31. Qxg5+ Ke6 32. Qh6+ Ke7
33. Qg5+ Ke6 34. Qh6+ Ke7 35. Qg5+ Ke6 1/2-1/2

[Event "Lloyds Bank Masters 17th"]
[Site "London"]
[Date "1993.08.25"]
[Round "5"]
[White "Har Zvi, Ronen"]
[Black "Ferron Garcia, Carlos"]
[Result "0-1"]
[WhiteElo "2505"]
[BlackElo "2345"]
[PlyCount "54"]
[EventDate "1993.08.21"]
[EventType "swiss"]
[EventRounds "10"]
[EventCountry "ENG"]

1. e4 e5 2. Bc4 Nf6 3. d3 Nc6 4. Nf3 h6 5. O-O d6 6. c3 g6 7. d4 Qe7 8. Re1 Bg7
9. Nbd2 O-O 10. a4 Nh5 11. Nf1 Qf6 12. Ne3 Ne7 13. h3 Nf4 14. h4 g5 15. hxg5
hxg5 16. dxe5 dxe5 17. Nh2 Qc6 18. Qf3 Be6 19. Bb5 Qc5 20. g3 Nh3+ 21. Kg2 f5
22. Qh5 g4 23. Nexg4 fxg4 24. Be3 Rxf2+ 25. Kh1 Qd5 26. Bh6 Nf5 27. Qxg4 Nxh6
0-1

[Event "Lloyds Bank Masters 17th"]
[Site "London"]
[Date "1993.08.25"]
[Round "5"]
[White "Gretarsson, Helgi Ass"]
[Black "Mitkov, Nikola"]
[Result "0-1"]
[WhiteElo "2365"]
[BlackElo "2495"]
[PlyCount "52"]
[EventDate "1993.08.21"]
[EventType "swiss"]
[EventRounds "10"]
[EventCountry "ENG"]

1. d4 Nf6 2. c4 e6 3. Nc3 Bb4 4. Qc2 O-O 5. Nf3 b6 6. e4 Bb7 7. Bd3 h6 8. O-O
Bxc3 9. bxc3 d6 10. e5 Nfd7 11. Qe2 Re8 12. Bf4 Nf8 13. Nd2 Nc6 14. Rad1 dxe5
15. dxe5 Ng6 16. Bxg6 fxg6 17. Ne4 Qe7 18. Bxh6 Nxe5 19. Bg5 Qf7 20. f4 Nd7 21.
Bh4 Nf8 22. Rd4 Qf5 23. Bg3 Rad8 24. Re1 Rd7 25. Bf2 Red8 26. Bg3 Qa5 0-1

[Event "Lloyds Bank Masters 17th"]
[Site "London"]
[Date "1993.08.25"]
[Round "5"]
[White "Saunders, John C"]
[Black "Baldazzi, Stefano"]
[Result "1/2-1/2"]
[WhiteElo "2245"]
[BlackElo "2032"]
[PlyCount "51"]
[EventDate "1993.08.21"]
[EventType "swiss"]
[EventRounds "10"]
[EventCountry "ENG"]

1. e4 c5 2. c3 d5 3. exd5 Qxd5 4. d4 e6 5. Nf3 Nf6 6. Na3 a6 7. Nc4 Nbd7 8. Ne3
Qd6 9. Be2 Be7 10. O-O Qc7 11. a4 O-O 12. Nc4 Nd5 13. Re1 b6 14. Nce5 cxd4 15.
Nxd7 Qxd7 16. Qxd4 Bf6 17. Qe4 Bb7 18. Bd3 g6 19. Qe2 Qc7 20. Be4 Bg7 21. h4
Nf6 22. Bf4 Qc8 23. Bxb7 Qxb7 24. Be5 Rfd8 25. Nd4 Rd7 26. g3 1/2-1/2

[Event "Lloyds Bank Masters 17th"]
[Site "London"]
[Date "1993.08.25"]
[Round "5"]
[White "Tozer, Richard"]
[Black "Levitt, Jonathan"]
[Result "1/2-1/2"]
[WhiteElo "2300"]
[BlackElo "2455"]
[PlyCount "42"]
[EventDate "1993.08.21"]
[EventType "swiss"]
[EventRounds "10"]
[EventCountry "ENG"]

1. d4 d5 2. c4 c6 3. cxd5 cxd5 4. Nc3 e5 5. dxe5 d4 6. Ne4 Nc6 7. Nf3 Bf5 8.
Ng3 Bg6 9. a3 Bc5 10. Qb3 Nge7 11. e4 dxe3 12. Bxe3 Bxe3 13. Qxe3 Qa5+ 14. Qd2
Qxd2+ 15. Kxd2 Rd8+ 16. Ke1 Rd5 17. Bc4 Rc5 18. Rc1 Nxe5 19. Nxe5 Rxe5+ 20. Kd2
O-O 21. Rhe1 Rd8+ 1/2-1/2

[Event "Lloyds Bank Masters 17th"]
[Site "London"]
[Date "1993.08.25"]
[Round "5"]
[White "Corkett, Anthony"]
[Black "Buckley, Graeme"]
[Result "0-1"]
[WhiteElo "2315"]
[BlackElo "2305"]
[PlyCount "90"]
[EventDate "1993.08.21"]
[EventType "swiss"]
[EventRounds "10"]
[EventCountry "ENG"]

1. d4 Nf6 2. g3 g6 3. Bg2 Bg7 4. c4 O-O 5. Nc3 d6 6. Nf3 Nbd7 7. Qc2 e5 8. O-O
exd4 9. Nb5 Nb6 10. Nfxd4 c5 11. Nb3 a6 12. Na3 Re8 13. e4 Be6 14. Bd2 Qd7 15.
Rfd1 Na4 16. Bf4 Bh3 17. Rxd6 Qc8 18. f3 Bxg2 19. Kxg2 Nxb2 20. Rb1 Na4 21.
Rbd1 b5 22. Na5 Nh5 23. Bg5 f6 24. Bc1 f5 25. exf5 Qxf5 26. Qxf5 gxf5 27. Bg5
Nc3 28. R1d2 b4 29. Nc2 Bf8 30. Rd7 h6 31. Bh4 Nxa2 32. Nd4 cxd4 33. Rxa2 Bg7
34. Nc6 Re3 35. Ne7+ Kf8 36. Nxf5 b3 37. Rd2 Rb8 38. Nxg7 b2 39. Nxh5 b1=Q 40.
Nf6 Re6 41. Nh7+ Ke8 42. R2xd4 Rb2+ 43. Kh3 Qf5+ 44. g4 Qxf3+ 45. Bg3 Rxh2+ 0-1

[Event "Lloyds Bank Masters 17th"]
[Site "London"]
[Date "1993.08.26"]
[Round "6"]
[White "McEwan, Kenneth B"]
[Black "Adams, Michael"]
[Result "1/2-1/2"]
[WhiteElo "2120"]
[BlackElo "2630"]
[PlyCount "235"]
[EventDate "1993.08.21"]
[EventType "swiss"]
[EventRounds "10"]
[EventCountry "ENG"]

1. e4 e5 2. Nf3 Nc6 3. Bc4 Nf6 4. d3 Bc5 5. c3 d6 6. O-O O-O 7. Bg5 h6 8. Be3
Bb6 9. Nbd2 d5 10. Bxb6 axb6 11. Bb3 Re8 12. Re1 Bg4 13. h3 Bh5 14. Nf1 Na5 15.
Ba4 Re7 16. Ng3 Bg6 17. Nh4 Bh7 18. Ngf5 Re6 19. Qf3 dxe4 20. dxe4 Qd2 21. b4
Nc6 22. Bb3 Qg5 23. Qd3 Rd8 24. Qf1 Ree8 25. Qc4 Rd7 26. Rad1 b5 27. Qxb5 Rxd1
28. Rxd1 Bxf5 29. Nxf5 Nxe4 30. Qxb7 Qxf5 31. Qxc6 Qxf2+ 32. Kh1 Nf6 33. a4 e4
34. Bc4 Qg3 35. Rf1 Qe5 36. Qb5 Qe7 37. a5 e3 38. Re1 Ne4 39. a6 Nd6 40. Qc5
Qh4 41. Rxe3 Rxe3 42. Bxf7+ Kxf7 43. Qxe3 Nc4 44. Qf3+ Ke7 45. a7 Qe1+ 46. Kh2
Nb6 47. a8=Q Nxa8 48. Qxa8 Qxc3 49. Qe4+ Kd6 50. g3 Qe5 51. Qd3+ Kc6 52. Qc4+
Kb6 53. h4 c6 54. Kh3 h5 55. Kh2 Qd6 56. Qc3 g6 57. Qc4 Qd2+ 58. Kg1 Qd5 59.
Qc2 Qd6 60. Kg2 Kb5 61. Qb1 Qd5+ 62. Kh2 Qf5 63. Qb2 Qe4 64. Qd2 Qxb4 65. Qd3+
Qc4 66. Qxg6 Qe2+ 67. Kg1 c5 68. Qf5 Kb4 69. Qb1+ Kc3 70. Qc1+ Kd4 71. Qf4+ Qe4
72. Qd6+ Qd5 73. Qf4+ Kc3 74. Qc1+ Kb4 75. Qe1+ Kb5 76. Qb1+ Kc6 77. Qg6+ Kd7
78. Qg7+ Kd6 79. Qg6+ Kc7 80. Qg7+ Kb6 81. Qb2+ Ka5 82. Qc3+ Kb5 83. Qb2+ Ka4
84. Qc2+ Kb4 85. Qb1+ Qb3 86. Qe1+ Ka4 87. Qe8+ Ka3 88. Qxh5 Qxg3+ 89. Kf1 Kb4
90. Qg5 Qf3+ 91. Ke1 c4 92. Qe7+ Kb3 93. Qe6 Qg3+ 94. Kd1 Qg1+ 95. Ke2 Qg2+ 96.
Ke1 Qh1+ 97. Kd2 Qh2+ 98. Kd1 Qc2+ 99. Ke1 Qc1+ 100. Ke2 Qb2+ 101. Kd1 Qd4+
102. Kc1 Qc3+ 103. Kd1 Qd3+ 104. Ke1 Kc2 105. h5 Qg3+ 106. Ke2 Qh2+ 107. Ke1
Qh4+ 108. Kf1 Qf4+ 109. Ke2 Qd2+ 110. Kf1 c3 111. Qa2+ Kd3 112. Qd5+ Ke3 113.
Qe5+ Kf3 114. Qf5+ Kg3 115. Qe5+ Kh4 116. Qe1+ Kxh5 117. Qxd2 cxd2 118. Ke2
1/2-1/2

[Event "Lloyds Bank Masters 17th"]
[Site "London"]
[Date "1993.08.26"]
[Round "6"]
[White "Harley, Andrew D"]
[Black "Hunt, Harriet"]
[Result "1/2-1/2"]
[WhiteElo "2315"]
[BlackElo "2135"]
[PlyCount "139"]
[EventDate "1993.08.21"]
[EventType "swiss"]
[EventRounds "10"]
[EventCountry "ENG"]

1. e4 c6 2. d4 d5 3. exd5 cxd5 4. c4 Nf6 5. Nc3 e6 6. Nf3 Bb4 7. Bg5 O-O 8. Bd3
dxc4 9. Bxc4 b6 10. O-O Bb7 11. Qe2 Nbd7 12. Rac1 Be7 13. Rfd1 Rc8 14. Ba6 Bxa6
15. Qxa6 Bb4 16. Nb5 h6 17. Bxf6 Nxf6 18. a3 Be7 19. Qxa7 Nd5 20. Qa4 Nf4 21.
Rxc8 Qxc8 22. Nc3 Qb7 23. Qb5 Rc8 24. Ne2 Nd5 25. Qd3 Rc7 26. Qd2 b5 27. Rc1 b4
28. Rxc7 Qxc7 29. axb4 Nxb4 30. Qc3 Qb7 31. Ne5 Qa6 32. Nc4 Qa1+ 33. Qc1 Qxc1+
34. Nxc1 Nc6 35. Nb3 Bf6 36. Kf1 Nxd4 37. Nxd4 Bxd4 38. b4 Kf8 39. Ke2 Ke7 40.
f3 Kd7 41. Kd3 Bf6 42. Ke4 Bc3 43. b5 Kc7 44. g4 Bb4 45. f4 Be7 46. h3 Bh4 47.
Kd4 Bf6+ 48. Ke3 Be7 49. Kd3 Kb7 50. Ke4 Kc7 51. Ne5 f6 52. Nc4 g6 53. f5 gxf5+
54. gxf5 exf5+ 55. Kxf5 h5 56. Ke6 Bd8 57. Kf5 Be7 58. Ne3 Kd6 59. Kg6 Kc5 60.
b6 Bd6 61. Nf5 Bf4 62. b7 Kc6 63. Kxh5 Kxb7 64. Kg6 Bg5 65. Nd6+ Kc6 66. Ne4
Bh4 67. Nxf6 Kd6 68. Ne4+ Ke5 69. Nd2 Kf4 70. Kh5 1/2-1/2

[Event "Lloyds Bank Masters 17th"]
[Site "London"]
[Date "1993.08.26"]
[Round "6"]
[White "Van der Sterren, Paul"]
[Black "Plaskett, H James"]
[Result "0-1"]
[WhiteElo "2530"]
[BlackElo "2470"]
[PlyCount "140"]
[EventDate "1993.08.21"]
[EventType "swiss"]
[EventRounds "10"]
[EventCountry "ENG"]

1. d4 d6 2. Nf3 Bg4 3. c4 Bxf3 4. exf3 g6 5. Nc3 Bg7 6. Be3 Nd7 7. Qd2 Ngf6 8.
d5 c6 9. Be2 Rc8 10. O-O cxd5 11. cxd5 O-O 12. a4 Qa5 13. Ra3 a6 14. Rb1 Ne5
15. Rb3 Qc7 16. Rd1 Ned7 17. f4 Nc5 18. Ra3 Qa5 19. Rb1 Qb4 20. Qd1 a5 21. Nb5
Qe4 22. Bf3 Qf5 23. h3 Na6 24. Bb6 Qxf4 25. Bxa5 Nc5 26. Bd2 Qf5 27. Be3 Nce4
28. Rd3 Nc5 29. Rd4 Nfd7 30. b4 Bxd4 31. Nxd4 Qe5 32. bxc5 Nxc5 33. a5 Ra8 34.
Rb5 Rfc8 35. g3 Rc7 36. Kg2 Qf6 37. h4 Qe5 38. Ne2 Rac8 39. Bd4 Qf5 40. g4 Qd3
41. Qxd3 Nxd3 42. Be4 Nc1 43. Ng3 Rc4 44. Be3 R8c7 45. Rb2 Kf8 46. f3 Rc3 47.
Bh6+ Ke8 48. Bd2 Ra3 49. Bxc1 Rxc1 50. Rxb7 Ra2+ 51. Kh3 Kd8 52. g5 Rxa5 53. h5
Ra2 54. Rb8+ Kc7 55. Rf8 Rg1 56. Rxf7 Rag2 57. Rxe7+ Kd8 58. Rxh7 Rxg3+ 59. Kh4
R3g2 60. Kh3 Rxg5 61. Kh2 R1g2+ 62. Kh1 gxh5 63. f4 Rg7 64. Rh8+ Rg8 65. Rxh5
R2g4 66. Rh6 Kc7 67. Bf5 Rxf4 68. Bh3 Rg5 69. Bg2 Rf2 70. Be4 Rg4 0-1